Países mais próximos de Antígua e Barbuda - Sprint de 30 segundos - Statistics

Estatísticas Gerais
  • Esse quiz foi jogado 18 vezes
  • A pontuação média é 8 de 20
Estatísticas das Respostas
km país % Correto
1317 Cuba
65%
154 Dominica
65%
68 São Cristóvão e Nevis
65%
467 Barbados
59%
500 Granada
59%
333 Santa Lúcia
59%
409 São Vicente e Granadinas
53%
642 Trinidad e Tobago
53%
1318 Brasil
47%
1414 Jamaica
47%
966 Guiana
41%
1338 Suriname
41%
696 Venezuela
41%
944 Haiti
29%
688 República Dominicana
29%
1230 Bahamas
24%
1134 Colômbia
24%
998 Aruba
0%
923 Curaçao
0%
126 Sint Maarten
0%
Nenhum quiz correspondente encontrado
Distribuição das Pontuações
Porcentagem de Pessoas com Cada Pontuação
Percentil de Números Respondidos
Sua Pontuação Histórica
Você não jogou esse quiz